| 000 | 00577nam a2200229 a 4500 | ||
|---|---|---|---|
| 001 | nice12345678 | ||
| 003 | IN_TiNIC | ||
| 005 | 20260116013856.0 | ||
| 008 | 070404s2000 dela grp 000 0 eng | ||
| 020 |
_a _c545 |
||
| 082 | 0 | 0 |
_a306.0954 _bAHM |
| 100 | _aAhmad, Imtiaz | ||
| 245 | _aPluralism and Equality Values in Indian Society and Politics | ||
| 260 |
_aDelhi _bSage Pub _c2000 |
||
| 300 | _a378p | ||
| 500 | _aincludes index and biblioraphy | ||
| 650 | _aPluralism-India | ||
| 650 | _aSociology-India | ||
| 902 | _bSRS | ||
| 942 | _cBK | ||
| 999 |
_c12915 _d12915 |
||